000 00549nam a2200217Ia 4500
003 OSt
005 20220923230921.0
006 a|||||r|||| 00| 0
007 ta
008 Pun
024 _a306,449
037 _cTextual
040 _aARTS
_cARTS
_bPun
041 _2Pun
_aPun
082 _aO591,1NHEx, 153N1
100 _aਨਾਗ਼ਿਮ ਹਿਕਮਤ
245 0 _aFਹਿਦ ਕਟੋਰੀ
260 _c1981
942 _hO591,1NHEx, 153N1
_cTEXL
_2CC
999 _c388230
_d388230